| 000 | 00554nam a22002057a 4500 | ||
|---|---|---|---|
| 003 | OSt | ||
| 005 | 20140310184453.0 | ||
| 008 | 131011t xxu||||| |||| 00| 0 eng d | ||
| 020 | _a0590437151 | ||
| 050 |
_aPZ 7 _b.Se487 |
||
| 100 |
_aSerraillier, Ian _928196 |
||
| 245 |
_aEscape from Warsaw / _cIan Serraillier ; illustrated by Erwin Hoffmann. |
||
| 260 |
_aNew York : _bScholastic, |
||
| 300 |
_a218 p. : _bill. ; _c17 cm. |
||
| 521 | _aG6 | ||
| 526 | _c810 | ||
| 650 |
_aFiction _xJuvenile _930043 |
||
| 942 |
_2lcc _cBK-SCHOLAS |
||
| 999 |
_c34615 _d34615 |
||